000 00482nab a2200145 4500
003 ES-SlBCS
005 20220203142250.0
008 140723s2014 sp ||||| |||| 00| 0 spa d
040 _aES-SlBCS
_bspa
100 1 0 _aÁlvarez de los Mozos, Patxi
_970697
245 1 3 _aEl peso de una vocación que nos envía a las fronteras
_cPatxi Álvarez de los Mozos
650 0 4 _aMisiones
_914436
773 0 _gVol. 86, Nº 340, 2014, págs. 241-250
_tManresa
_wRev265
_x0214-2457
942 _2lcc
_cAR
999 _c847968
_d847968